000 00380nam a22001457a 4500
020 _qPB.
040 _cFIZZA ISHAQ
082 _a174.962
_bMAR
100 _a Martin, Mike.
_9134030
245 _aEthics in engineering /
_cMike W. Martin.
250 _a 2nd ed.
260 _a New York :
_b McGraw-Hill,
_c1989.
300 _a: xviii, 404 p. : ill. ;
_c 23 cm
942 _2ddc
_cBK
999 _c616955
_d616955